000 01062nac a22003017a 4500
001 BR6800132
003 BR-BrBNA
005 20240105113327.0
008 230509b bl.|||m| |||| 00| 0 por d
040 _aBR-BrBNA
_bpor
_cBiblioteca Nacional de Agricultura
072 _aF00
090 _aF00 BR6800132
110 1 _aMinisterio da Agricultura, Brasilia, DF (Brasil). Equipe Tecnica de Estatistica Agropecuaria
_96792
245 1 _aSafras. Brasil, estimativas para o ano agricola 1967/68 2. Previsao: Regiao Norte e Nordeste. 3. Previsao: Regiao Centro-Sul
260 3 _aBrasilia, DF (Brasil):
_c1968.
300 _a219 p.
490 _aPublicacao - Ministerio da Agricultura. Equipe Tecnica de Estatistica Agropecuaria (Brazil)
_vno. 28
_x
500 _aNumerical data
650 _aProducao vegetal
650 _aSafra
650 _aColheita
650 _aPrevisao de safra
650 _aRegiao Norte
650 _aRegiao Nordeste
650 _aRegiao Centro-Sul
909 _a202312
_bLúcia Elande
_c55
_dLúcia Elande
942 _2AGRIS
_n0
_cMS
999 _c263113
_d263113